[Event "Turkey Cup 2020"]
[Site "Antalya-Belek"]
[Date "2020.01.30"]
[Round "8.57"]
[White "Atayman, Evren"]
[Black "Gunay, Mehmet Eren"]
[Result "0-1"]
[WhiteElo "1596"]
[BlackElo "1803"]
[Annotator "NA"]
[PlyCount "66"]
[EventDate "2020.01.26"]
[EventType "swiss"]
[EventCountry "TUR"]
[SourceTitle "playchess.com"]
[Source "ChessBase"]
[SourceQuality "1"]

1. e4 c5 2. Nf3 d6 3. d4 cxd4 4. Nxd4 Nf6 5. Nc3 g6 6. f4 Nc6 7. Bb5 Bd7 8. Bxc6 bxc6 9. O-O Bg7 10. e5 dxe5 11. fxe5 Nd5 12. Nxd5 cxd5 13. Qf3 O-O 14. Qxd5 Qc7 15. Rxf7 Rxf7 16. Qxa8+ Rf8 17. Qd5+ Kh8 18. Bd2 Bxe5 19. Bc3 Bg7 20. Re1 e5 21. Nf3 Qb6+ 22. Kh1 Bc6 23. Qd3 Qb7 24. Bxe5 Bxf3 25. gxf3 Rxf3 26. Bxg7+ Kxg7 27. Qe4 Qf7 28. Qd4+ Kg8 29. Qd8+ Kg7 30. Qd4+ Kg8 31. Kg2 Rf4 32. Qe3 Qd5+ 33. Kh3 Rf3+ 0-1

[Event "Turkey Cup 2020"]
[Site "Antalya-Belek"]
[Date "2020.01.30"]
[Round "8.58"]
[White "Gozubuyukoglu, Selami"]
[Black "Bek, Emir"]
[Result "0-1"]
[WhiteElo "1716"]
[BlackElo "1829"]
[Annotator "NA"]
[PlyCount "58"]
[EventDate "2020.01.26"]
[EventType "swiss"]
[EventCountry "TUR"]
[SourceTitle "playchess.com"]
[Source "ChessBase"]
[SourceQuality "1"]

1. e4 c5 2. Nf3 g6 3. c3 d5 4. e5 Bg7 5. d4 e6 6. Be2 Nc6 7. Na3 a6 8. O-O Nge7 9. Nc2 O-O 10. Bf4 cxd4 11. cxd4 Bd7 12. Qd2 Rc8 13. Bd3 Qa5 14. b4 Qb6 15. a4 f6 16. Bh6 fxe5 17. Bxg7 Kxg7 18. dxe5 Nf5 19. Bxf5 Rxf5 20. Ne3 Rxf3 21. gxf3 Nxe5 22. Qe2 Rf8 23. Kh1 Nxf3 24. Ng4 Qd6 25. Qe3 d4 26. Qh6+ Kg8 27. Kg2 Bc6 28. Kh3 Rf5 29. Kg2 Nxh2+ 0-1

[Event "Turkey Cup 2020"]
[Site "Antalya-Belek"]
[Date "2020.01.30"]
[Round "8.59"]
[White "Citil, Feyzullah"]
[Black "Keser, Murat"]
[Result "1-0"]
[WhiteElo "1636"]
[BlackElo "1847"]
[Annotator "NA"]
[PlyCount "95"]
[EventDate "2020.01.26"]
[EventType "swiss"]
[EventCountry "TUR"]
[SourceTitle "playchess.com"]
[Source "ChessBase"]
[SourceQuality "1"]

1. e4 g6 2. d4 Bg7 3. c4 d6 4. Nc3 Nf6 5. f4 Bg4 6. Be2 Bxe2 7. Ngxe2 O-O 8. O-O e6 9. f5 exf5 10. exf5 Nfd7 11. Bf4 Nc6 12. Qd2 Nb6 13. b3 Ne7 14. Ng3 f6 15. Rad1 Rf7 16. a4 a5 17. Nb5 Nbc8 18. c5 Nd5 19. cxd6 Nxd6 20. Bxd6 cxd6 21. Ne4 Bf8 22. Rf3 g5 23. Rc1 h6 24. Nec3 Nb4 25. d5 Re7 26. Re1 Qb6+ 27. Kf1 Rae8 28. Re6 Rxe6 29. fxe6 Bg7 30. Ne4 Rc8 31. Nexd6 Rc2 32. Qxc2 Nxc2 33. e7 Ne3+ 34. Rxe3 Qxe3 35. e8=Q+ Qxe8 36. Nxe8 Bf8 37. Ned6 b6 38. Nb7 Kf7 39. Nd8+ Ke8 40. Ne6 Bb4 41. Ke2 Kd7 42. Kd3 Be1 43. Ke4 Bb4 44. Kf5 Ke7 45. Ng7 Bd6 46. Nxd6 Kxd6 47. Ke4 h5 48. Nf5+ 1-0

[Event "Turkey Cup 2020"]
[Site "Antalya-Belek"]
[Date "2020.01.30"]
[Round "8.60"]
[White "Kazik, Oguz Kagan"]
[Black "Kecili, Mustafa Firat"]
[Result "1-0"]
[WhiteElo "1888"]
[BlackElo "1673"]
[Annotator "NA"]
[PlyCount "51"]
[EventDate "2020.01.26"]
[EventType "swiss"]
[EventCountry "TUR"]
[SourceTitle "playchess.com"]
[Source "ChessBase"]
[SourceQuality "1"]

1. d4 Nf6 2. Bg5 c5 3. d5 Qb6 4. Nc3 d6 5. Bxf6 gxf6 6. Rb1 Bg7 7. e3 a6 8. Bd3 Nd7 9. Nge2 Ne5 10. Ng3 Nxd3+ 11. Qxd3 f5 12. O-O Bd7 13. Nxf5 Bf6 14. Ne4 Be5 15. Nd2 Qb5 16. c4 Qa5 17. Nf3 Bf6 18. Qe4 Bxf5 19. Qxf5 Qxa2 20. Nd2 O-O 21. Ne4 Qxc4 22. f4 Bh4 23. Rf3 e6 24. Nf6+ Bxf6 25. Rg3+ Bg7 26. Qf6 1-0

[Event "Turkey Cup 2020"]
[Site "Antalya-Belek"]
[Date "2020.01.30"]
[Round "8.61"]
[White "Muftuoglu, Musa Emin"]
[Black "Ozturk, Oguzhan"]
[Result "0-1"]
[WhiteElo "1834"]
[BlackElo "1630"]
[Annotator "NA"]
[PlyCount "88"]
[EventDate "2020.01.26"]
[EventType "swiss"]
[EventCountry "TUR"]
[SourceTitle "playchess.com"]
[Source "ChessBase"]
[SourceQuality "1"]

1. d4 Na6 2. e4 c6 3. Nf3 d5 4. exd5 Qxd5 5. Nc3 Qa5 6. Bc4 Bg4 7. O-O e6 8. Be3 Nf6 9. a3 Nc7 10. h3 Bxf3 11. Qxf3 Ncd5 12. Ne2 Qc7 13. Bg5 h6 14. Bh4 g5 15. Bg3 Bd6 16. Bd3 h5 17. Bxd6 Qxd6 18. Qg3 Qxg3 19. fxg3 Ke7 20. Rae1 Rad8 21. Nc1 h4 22. gxh4 Rxh4 23. Nb3 Rdh8 24. c4 Nb6 25. Be2 g4 26. Bxg4 Nxg4 27. hxg4 Nxc4 28. Re2 Rxg4 29. Rc1 Nd6 30. d5 cxd5 31. Rc7+ Kd8 32. Rc1 Rgh4 33. Kf2 Rf4+ 34. Kg1 b6 35. Rec2 Rc4 36. Nd2 Rxc2 37. Rxc2 Kd7 38. Nf3 f6 39. Re2 e5 40. g4 Rg8 41. Rg2 Ke6 42. g5 fxg5 43. Nxg5+ Kd7 44. Kf2 Rxg5 0-1

[Event "Turkey Cup 2020"]
[Site "Antalya-Belek"]
[Date "2020.01.30"]
[Round "8.62"]
[White "Yuksel, Oktay Yigit"]
[Black "Selvi, Kaan"]
[Result "0-1"]
[WhiteElo "1464"]
[BlackElo "1907"]
[Annotator "NA"]
[PlyCount "82"]
[EventDate "2020.01.26"]
[EventType "swiss"]
[EventCountry "TUR"]
[SourceTitle "playchess.com"]
[Source "ChessBase"]
[SourceQuality "1"]

1. d4 Nf6 2. c4 c5 3. d5 e6 4. Nc3 exd5 5. cxd5 Bd6 6. Nf3 O-O 7. Bg5 Re8 8. e3 Bf8 9. Bd3 d6 10. O-O Nbd7 11. e4 h6 12. Bh4 a6 13. a4 Qb6 14. Qc2 Ng4 15. Bg3 g6 16. h3 Nge5 17. Bxe5 Nxe5 18. Nxe5 Rxe5 19. a5 Qd8 20. f4 Re8 21. f5 Re5 22. fxg6 fxg6 23. Qf2 Bg7 24. Qf7+ Kh7 25. Rf3 b5 26. Raf1 Re7 27. Qf4 Raa7 28. e5 Rxe5 29. h4 c4 30. Bc2 Bf5 31. Bxf5 Rxf5 32. Qg4 Rxf3 33. Rxf3 Qe8 34. Ne4 Re7 35. Ng3 Rf7 36. Qe6 Qxe6 37. dxe6 Re7 38. b3 c3 39. Rf1 Rxe6 40. Rc1 b4 41. Kf2 d5 0-1

[Event "Turkey Cup 2020"]
[Site "Antalya-Belek"]
[Date "2020.01.30"]
[Round "8.63"]
[White "Bayik, Hasan"]
[Black "Yilmaz, Cumhur"]
[Result "1-0"]
[WhiteElo "1822"]
[BlackElo "1719"]
[Annotator "NA"]
[PlyCount "87"]
[EventDate "2020.01.26"]
[EventType "swiss"]
[EventCountry "TUR"]
[SourceTitle "playchess.com"]
[Source "ChessBase"]
[SourceQuality "1"]

1. d4 d5 2. c4 c6 3. e3 Nf6 4. Nf3 Bf5 5. Nc3 e6 6. Be2 Bd6 7. Qb3 Qb6 8. c5 Qxb3 9. axb3 Bc7 10. b4 b5 11. Bd2 Ne4 12. O-O Nxc3 13. Bxc3 Bg4 14. Rfe1 Bxf3 15. gxf3 f6 16. f4 Kf7 17. Bd3 g6 18. f3 a6 19. Kf2 f5 20. b3 Ra7 21. h4 Bd8 22. Kg3 h5 23. Re2 Re8 24. Kh3 Kf6 25. e4 Rae7 26. Rg1 Bc7 27. Bd2 Rg8 28. exf5 exf5 29. Rxe7 Kxe7 30. Bxf5 Kf7 31. Bd3 Nd7 32. f5 Nf8 33. Bh6 gxf5 34. Rxg8 Kxg8 35. Bxf5 a5 36. bxa5 Bxa5 37. Bc8 Bc3 38. Be3 Kf7 39. Bb7 Ne6 40. Bxc6 Nxd4 41. Bxd5+ Kf6 42. c6 Nf5 43. c7 Nxe3 44. Be4 1-0

[Event "Turkey Cup 2020"]
[Site "Antalya-Belek"]
[Date "2020.01.30"]
[Round "8.64"]
[White "Eren, Alper"]
[Black "Karakaya, Mehmet"]
[Result "1-0"]
[WhiteElo "1846"]
[BlackElo "1367"]
[Annotator "NA"]
[PlyCount "111"]
[EventDate "2020.01.26"]
[EventType "swiss"]
[EventCountry "TUR"]
[SourceTitle "playchess.com"]
[Source "ChessBase"]
[SourceQuality "1"]

1. e4 d5 2. e5 c5 3. c3 Bf5 4. Nf3 Nc6 5. Bb5 e6 6. O-O Nge7 7. d4 Bg4 8. dxc5 Bxf3 9. Qxf3 Nf5 10. b4 Qc7 11. Bf4 Be7 12. Nd2 g5 13. Bg3 h5 14. h3 O-O-O 15. Bxc6 Qxc6 16. Nb3 f6 17. Nd4 Nxd4 18. cxd4 f5 19. b5 Qxb5 20. Rab1 Qc6 21. Qa3 Qa6 22. Qb3 Qc6 23. Rfc1 Rd7 24. Qa3 Kb8 25. f3 Ka8 26. Rb4 b6 27. Qa6 Rc7 28. Rxb6 Qd7 29. Rcb1 Rhc8 30. Rxe6 Rc6 31. Rxc6 Rxc6 32. Rb6 Rxb6 33. cxb6 Qb7 34. Qxa7+ Qxa7 35. bxa7 Kxa7 36. Be1 Ba3 37. Kf2 Kb6 38. Ke3 f4+ 39. Kd3 Kb5 40. Bd2 h4 41. Kc3 Ka4 42. Kc2 Be7 43. Bc1 Bf8 44. Bb2 Be7 45. Kd3 Bf8 46. Bc3 Ba3 47. Ke2 Be7 48. Bd2 Bd8 49. g3 fxg3 50. f4 gxf4 51. Bxf4 Ka3 52. Bh6 Be7 53. Bg7 Bg5 54. Kf3 Kxa2 55. Bf6 Kb3 56. Bxg5 1-0

[Event "Turkey Cup 2020"]
[Site "Antalya-Belek"]
[Date "2020.01.30"]
[Round "8.66"]
[White "Gonullu, Muhammed Sinan"]
[Black "Bayramiclilar, Yusuf Ruzgar"]
[Result "1-0"]
[WhiteElo "1787"]
[BlackElo "1331"]
[Annotator "NA"]
[PlyCount "97"]
[EventDate "2020.01.26"]
[EventType "swiss"]
[EventCountry "TUR"]
[SourceTitle "playchess.com"]
[Source "ChessBase"]
[SourceQuality "1"]

1. d4 d5 2. Nf3 Nf6 3. Bg5 Ne4 4. Bf4 c5 5. c3 Nc6 6. e3 e6 7. Nbd2 Nxd2 8. Qxd2 cxd4 9. exd4 Bd6 10. Bg3 O-O 11. Bd3 a6 12. O-O b5 13. a4 b4 14. cxb4 Nxb4 15. Rfc1 Nxd3 16. Qxd3 Bb7 17. Bxd6 Qxd6 18. Rc5 h6 19. Rac1 a5 20. R1c3 Ba6 21. Qc2 Bb7 22. Rc7 Ba6 23. R3c5 Qb6 24. Ne5 Qb4 25. Nf3 Bc4 26. Nd2 Rab8 27. h3 Ba2 28. Nf3 Bb3 29. Qc3 Qxc3 30. bxc3 Bxa4 31. Rxa5 Bd1 32. Ne5 Rbc8 33. Rca7 Rxc3 34. Re7 Bh5 35. g4 f6 36. Raa7 Bf7 37. Nxf7 Rxh3 38. Kg2 Rh4 39. Kg3 Rh1 40. Nd6 Rg1+ 41. Kf3 Rg3+ 42. Kxg3 Rf7 43. Rxf7 Kh8 44. Rxg7 f5 45. Rh7+ Kg8 46. Rag7+ Kf8 47. Ra7 Kg8 48. Rhb7 Kh8 49. Ra8# 1-0

[Event "Turkey Cup 2020"]
[Site "Antalya-Belek"]
[Date "2020.01.30"]
[Round "8.67"]
[White "Aydin, Ataberk"]
[Black "Iren, Muhammet Kaan"]
[Result "0-1"]
[WhiteElo "1283"]
[BlackElo "1698"]
[Annotator "NA"]
[PlyCount "150"]
[EventDate "2020.01.26"]
[EventType "swiss"]
[EventCountry "TUR"]
[SourceTitle "playchess.com"]
[Source "ChessBase"]
[SourceQuality "1"]

1. e4 c5 2. Nc3 Nc6 3. f4 g6 4. Nf3 Bg7 5. Bb5 e6 6. Bxc6 bxc6 7. d3 d5 8. e5 Ne7 9. b3 Nf5 10. O-O Bf8 11. Na4 c4 12. dxc4 Ba6 13. g4 Nh4 14. Be3 h5 15. g5 Nf5 16. Bf2 Qa5 17. c3 Be7 18. Re1 O-O 19. b4 Qc7 20. c5 Rfb8 21. a3 Bd8 22. Nb2 Bc8 23. Nd4 Nxd4 24. Qxd4 Be7 25. Red1 Qd8 26. h4 Qc7 27. Nd3 Kg7 28. Kg2 Kh7 29. Rdb1 Qd7 30. Be1 a6 31. Bd2 Ra7 32. Kf2 Rba8 33. Rb3 a5 34. Kf3 Bd8 35. Kg2 Ba6 36. Bc1 Bc4 37. Rbb1 Qc8 38. Nb2 Be2 39. Nd1 Qa6 40. Ne3 Bd3 41. Rb3 Be7 42. Kf2 Rb8 43. Nd1 Rab7 44. Be3 Bf1 45. Qd2 Qc4 46. Rbb1 Bh3 47. Qe1 Qe4 48. Qg1 axb4 49. cxb4 d4 50. Bd2 Bxc5 51. Kg3 Qd3+ 52. Kh2 Qxd2+ 53. Kxh3 Qxf4 54. Qg3 Qf5+ 55. Kg2 Qe4+ 56. Kh3 Qf5+ 57. Kg2 Qe4+ 58. Kh3 d3 59. Nc3 Qf5+ 60. Kg2 Bd4 61. Rf1 Qxe5 62. Qxe5 Bxe5 63. Rac1 c5 64. b5 Ra8 65. a4 d2 66. Rc2 Bxc3 67. Rxc3 Rd7 68. Rd1 Rxa4 69. Rxc5 Rxh4 70. b6 Rb4 71. Rc6 Rb7 72. Rxd2 R4xb6 73. Rc8 Rb2 74. Rcd8 Rxd2+ 75. Rxd2 Rb5 0-1

[Event "Turkey Cup 2020"]
[Site "Antalya-Belek"]
[Date "2020.01.30"]
[Round "8.68"]
[White "Unat, Can Haktan"]
[Black "Arslanargun, Zana"]
[Result "1-0"]
[WhiteElo "2257"]
[BlackElo "1755"]
[Annotator "NA"]
[PlyCount "69"]
[EventDate "2020.01.26"]
[EventType "swiss"]
[EventCountry "TUR"]
[SourceTitle "playchess.com"]
[Source "ChessBase"]
[SourceQuality "1"]

1. e4 c5 2. Nf3 d6 3. d4 cxd4 4. Nxd4 Nf6 5. f3 g6 6. c4 Bg7 7. Be3 O-O 8. Be2 Bd7 9. O-O Nc6 10. Nc3 a6 11. Qd2 Rc8 12. Nc2 Ne5 13. Na3 Be6 14. Nd5 Bxd5 15. cxd5 b5 16. Rac1 Ned7 17. Nc2 Nb8 18. Nd4 Qd7 19. Rxc8 Rxc8 20. Rc1 Ne8 21. b3 Bxd4 22. Bxd4 e5 23. Rxc8 Qxc8 24. Qc3 Qxc3 25. Bxc3 Nd7 26. Kf2 Kg7 27. Ba5 Nc5 28. Ke3 Nb7 29. Bb6 f5 30. a4 bxa4 31. bxa4 fxe4 32. fxe4 Nc5 33. a5 Nf6 34. Bxc5 dxc5 35. Bxa6 1-0

[Event "Turkey Cup 2020"]
[Site "Antalya-Belek"]
[Date "2020.01.30"]
[Round "8.69"]
[White "Kayan, Yasar Efe"]
[Black "Altun, Arda"]
[Result "0-1"]
[WhiteElo "1641"]
[BlackElo "2200"]
[Annotator "NA RC"]
[PlyCount "98"]
[EventDate "2020.01.26"]
[EventType "swiss"]
[EventCountry "TUR"]
[SourceTitle "playchess.com"]
[Source "ChessBase"]
[SourceQuality "1"]

1. e4 c5 2. Nc3 a6 3. g3 b5 4. Bg2 Bb7 5. d3 e6 6. f4 d5 7. a3 Be7 8. f5 d4 9. Nce2 exf5 10. Nf4 fxe4 11. Bxe4 Bxe4 12. dxe4 Nc6 13. Nf3 Nf6 14. e5 Nd5 15. Nh5 Rg8 16. O-O Qd7 17. Qe2 Qe6 18. Ng5 Qxe5 19. Qf3 f6 20. Bf4 Qf5 21. g4 Qd7 22. Nxh7 O-O-O 23. g5 Nxf4 24. Qxf4 fxg5 25. Nxg5 Rh8 26. Ng3 Rdf8 27. Nf7 Rh4 28. Qf5 Qxf5 29. Rxf5 g6 30. Rf3 Rh7 31. Raf1 Kd7 32. Ne4 Re8 33. Nf6+ Bxf6 34. Rxf6 Re7 35. Rd6+ Kc7 36. Rff6 Nb8 37. Ng5 Rh5 38. Rd5 Nd7 39. Rxa6 Kb7 40. Rxg6 Ne5 41. Rg8 Kc6 42. c4 bxc4 43. Rxe5 Rxe5 44. Nf3 Re2 45. Rb8 Rf5 46. Nh4 Rf7 47. b4 cxb4 48. Rxb4 Kc5 49. Ng2 Rg7 0-1

[Event "Turkey Cup 2020"]
[Site "Antalya-Belek"]
[Date "2020.01.30"]
[Round "8.70"]
[White "Tutumlu, Ali"]
[Black "Korkmaz, Necmettin"]
[Result "0-1"]
[WhiteElo "1754"]
[BlackElo "2157"]
[Annotator "NA"]
[PlyCount "48"]
[EventDate "2020.01.26"]
[EventType "swiss"]
[EventCountry "TUR"]
[SourceTitle "playchess.com"]
[Source "ChessBase"]
[SourceQuality "1"]

1. e4 d5 2. exd5 Nf6 3. Nc3 Nxd5 4. Nxd5 Qxd5 5. d4 Nc6 6. c3 e5 7. dxe5 Qxd1+ 8. Kxd1 Nxe5 9. f3 Bf5 10. Be3 O-O-O+ 11. Ke1 Bd6 12. g4 Nxg4 13. fxg4 Be4 14. Kf2 Bxh1 15. h3 Rhe8 16. Bc4 Bc6 17. Ne2 Re7 18. Nd4 Bg3+ 19. Kxg3 Rxe3+ 20. Kh2 Be4 21. Bxf7 c5 22. Nb3 Re2+ 23. Kg3 g5 24. Be6+ Kc7 0-1

[Event "Turkey Cup 2020"]
[Site "Antalya-Belek"]
[Date "2020.01.30"]
[Round "8.71"]
[White "Acar, Kaan"]
[Black "Alexanian, Nelli"]
[Result "1-0"]
[WhiteElo "1636"]
[BlackElo "2012"]
[Annotator "NA"]
[PlyCount "101"]
[EventDate "2020.01.26"]
[EventType "swiss"]
[EventCountry "TUR"]
[SourceTitle "playchess.com"]
[Source "ChessBase"]
[SourceQuality "1"]

1. e4 e6 2. d4 d5 3. Nc3 Bb4 4. e5 c5 5. Bd2 Nh6 6. f4 Nf5 7. Nf3 Nc6 8. a3 Bxc3 9. Bxc3 cxd4 10. Bxd4 Ncxd4 11. Nxd4 Qh4+ 12. g3 Nxg3 13. Nf3 Qh6 14. hxg3 Qxh1 15. Qe2 Bd7 16. O-O-O Qh5 17. Qg2 f6 18. Bd3 O-O-O 19. Qf2 Kb8 20. Be2 Qf7 21. Rd4 Rc8 22. Rb4 Rc7 23. Qe3 Rhc8 24. Nd4 Ka8 25. Bb5 fxe5 26. Qxe5 Bxb5 27. Rxb5 Qg6 28. Kb1 Qxg3 29. Ka2 a6 30. Ra5 Qf2 31. Ra4 Rxc2 32. Nxc2 Qxc2 33. Rb4 Qc6 34. Qxg7 a5 35. Rb3 Rc7 36. Qh8+ Ka7 37. Qd4+ Qc5 38. Qd2 d4 39. a4 b6 40. Rd3 Qd5+ 41. Ka3 Rc4 42. Rb3 Qc5+ 43. Ka2 Rxa4+ 44. Kb1 Qf5+ 45. Rd3 Qe4 46. Qc2 Qh1+ 47. Rd1 d3 48. Qxa4 Qd5 49. Qa3 d2 50. Qe3 Qf5+ 51. Ka1 1-0

[Event "Turkey Cup 2020"]
[Site "Antalya-Belek"]
[Date "2020.01.30"]
[Round "8.72"]
[White "Satiroglu, Kaan"]
[Black "Yaylali, Adnan Dogan"]
[Result "0-1"]
[WhiteElo "1640"]
[BlackElo "1947"]
[Annotator "NA"]
[PlyCount "70"]
[EventDate "2020.01.26"]
[EventType "swiss"]
[EventCountry "TUR"]
[SourceTitle "playchess.com"]
[Source "ChessBase"]
[SourceQuality "1"]

1. e4 e6 2. d4 d5 3. Nd2 c5 4. c3 cxd4 5. cxd4 dxe4 6. Nxe4 Bb4+ 7. Nc3 Nf6 8. a3 Ba5 9. Bd3 Nc6 10. Nf3 Bb6 11. Be3 O-O 12. O-O Qe7 13. Qe2 Rd8 14. Rfd1 Bd7 15. Rac1 Be8 16. Bb1 Rac8 17. Qc2 h6 18. h3 Na5 19. Ne5 Nc4 20. Qe2 Nxe3 21. fxe3 Nd7 22. Qd3 f5 23. Nxd7 Bxd7 24. Ba2 Kh8 25. Ne2 Rxc1 26. Rxc1 e5 27. Qb3 Bc6 28. Qd1 Qg5 29. Rxc6 Qxe3+ 30. Kh1 bxc6 31. Bb1 e4 32. Qf1 Bxd4 33. Qxf5 Qxe2 34. Bxe4 Qe1+ 35. Kh2 Bg1+ 0-1

[Event "Turkey Cup 2020"]
[Site "Antalya-Belek"]
[Date "2020.01.30"]
[Round "8.73"]
[White "Suzan, Ufuk"]
[Black "Yalcindag, Hakan"]
[Result "1-0"]
[WhiteElo "1861"]
[BlackElo "1488"]
[Annotator "NA"]
[PlyCount "141"]
[EventDate "2020.01.26"]
[EventType "swiss"]
[EventCountry "TUR"]
[SourceTitle "playchess.com"]
[Source "ChessBase"]
[SourceQuality "1"]

1. e4 c5 2. Nf3 d6 3. d4 cxd4 4. Qxd4 a6 5. c4 Nc6 6. Qd2 Nf6 7. Nc3 g6 8. b3 Bg7 9. Bb2 O-O 10. O-O-O Rb8 11. h3 Qa5 12. a3 Nd7 13. Nd5 Nc5 14. Qc2 Bxb2+ 15. Kxb2 b5 16. cxb5 axb5 17. b4 Na4+ 18. Ka2 Qa6 19. Qxc6 Qxc6 20. Nxe7+ Kg7 21. Nxc6 Rb6 22. Rxd6 Nc3+ 23. Kb2 Nxe4 24. Rd4 Nxf2 25. Rg1 Rxc6 26. Bxb5 Re6 27. Rf1 Ne4 28. Re1 Ng5 29. Rxe6 Nxe6 30. Rd2 Kf6 31. Bc6 Rd8 32. Kc3 Rxd2 33. Nxd2 Ke7 34. Kc4 Kd6 35. b5 f5 36. a4 Nc5 37. a5 Be6+ 38. Kb4 Nd3+ 39. Kc3 Ne5 40. Ba8 Kc5 41. b6 Kb5 42. Nf3 Kxa5 43. Nxe5 Kxb6 44. Kd4 Kc7 45. Bd5 Kd6 46. Bxe6 Kxe6 47. h4 Kf6 48. Nd7+ Kg7 49. Ke5 Kh6 50. g3 Kh5 51. Kf4 Kh6 52. Ne5 Kg7 53. Kg5 h6+ 54. Kf4 Kf6 55. Nd7+ Ke6 56. Nb6 Kf6 57. Nd5+ Ke6 58. Ne3 Kf6 59. h5 gxh5 60. Nxf5 Kg6 61. Nh4+ Kf6 62. Nf3 Kg6 63. Ke5 h4 64. Nxh4+ Kg5 65. Nf5 Kg4 66. Kf6 Kh5 67. Nxh6 Kxh6 68. g4 Kh7 69. g5 Kg8 70. Kg6 Kh8 71. Kf7 1-0

[Event "Turkey Cup 2020"]
[Site "Antalya-Belek"]
[Date "2020.01.30"]
[Round "8.74"]
[White "Arpa, Emre"]
[Black "Mermer, Yunus"]
[Result "1-0"]
[WhiteElo "1815"]
[BlackElo "1592"]
[Annotator "NA"]
[PlyCount "61"]
[EventDate "2020.01.26"]
[EventType "swiss"]
[EventCountry "TUR"]
[SourceTitle "playchess.com"]
[Source "ChessBase"]
[SourceQuality "1"]

1. e4 c5 2. c3 Nf6 3. e5 Nd5 4. d4 cxd4 5. cxd4 d6 6. f4 Nc6 7. Nc3 dxe5 8. fxe5 e6 9. Nf3 Bb4 10. Bd2 O-O 11. a3 Ba5 12. Bd3 f5 13. O-O h6 14. Kh1 Bc7 15. Rc1 Nxc3 16. Bxc3 Ne7 17. Bc4 Ba5 18. Qb3 Nd5 19. Bxd5 exd5 20. Bxa5 Qxa5 21. Nh4 Rf7 22. Ng6 b6 23. Qc2 Bd7 24. e6 Bxe6 25. Qc6 Rc8 26. Qxe6 Rxc1 27. Rxc1 Qd2 28. Ne7+ Kh7 29. Qg6+ Kh8 30. Rc8+ Rf8 31. Rxf8# 1-0

[Event "Turkey Cup 2020"]
[Site "Antalya-Belek"]
[Date "2020.01.30"]
[Round "8.75"]
[White "Celik, Eylul"]
[Black "Mangal, Ali"]
[Result "1-0"]
[WhiteElo "1865"]
[BlackElo "1702"]
[Annotator "NA"]
[PlyCount "111"]
[EventDate "2020.01.26"]
[EventType "swiss"]
[EventCountry "TUR"]
[SourceTitle "playchess.com"]
[Source "ChessBase"]
[SourceQuality "1"]

1. d4 d5 2. c4 e6 3. cxd5 exd5 4. Nc3 Nf6 5. Bg5 Nbd7 6. e3 Be7 7. Bd3 O-O 8. Qc2 b6 9. Nf3 Bb7 10. h3 h6 11. Bf4 a6 12. O-O c5 13. Rfd1 Rc8 14. Qe2 c4 15. Bf5 Re8 16. Ne5 Bf8 17. Nxd7 Nxd7 18. Bxh6 Rc6 19. Bf4 Nf6 20. Be5 Bc8 21. Bxc8 Rxc8 22. Bxf6 Qxf6 23. Nxd5 Qh6 24. e4 Rc6 25. Qf3 Rce6 26. e5 Rd8 27. Ne3 Qh4 28. Nf5 Qg5 29. h4 Qg6 30. h5 Qg5 31. Ng3 Qe7 32. Qe2 b5 33. f4 Qa7 34. Qe4 Bb4 35. f5 Ree8 36. a3 Ba5 37. Kh2 Bc7 38. Qg4 Kh8 39. h6 gxh6 40. Qh4 Kh7 41. Nh5 Rg8 42. Nf6+ Kg7 43. Nxg8 Rxg8 44. f6+ Kh7 45. Qe4+ Kh8 46. Rf1 Qb6 47. d5 Rg5 48. Rf5 Rg6 49. d6 Bd8 50. Raf1 a5 51. Rh5 Kg8 52. Rf3 b4 53. Qxg6+ fxg6 54. f7+ Kf8 55. Rxh6 Bf6 56. Rxf6 1-0

[Event "Turkey Cup 2020"]
[Site "Antalya-Belek"]
[Date "2020.01.30"]
[Round "8.76"]
[White "Ozkale, Can Barkin"]
[Black "Deva, Atilla"]
[Result "1-0"]
[WhiteElo "1796"]
[BlackElo "1660"]
[Annotator "NA"]
[PlyCount "53"]
[EventDate "2020.01.26"]
[EventType "swiss"]
[EventCountry "TUR"]
[SourceTitle "playchess.com"]
[Source "ChessBase"]
[SourceQuality "1"]

1. e4 d6 2. d4 Nf6 3. Nc3 Nbd7 4. f4 e5 5. Nf3 exd4 6. Qxd4 c6 7. Be3 d5 8. e5 Bc5 9. Qd2 Qe7 10. O-O-O Bxe3 11. Qxe3 Nc5 12. Qd4 Nfe4 13. Nxe4 Nxe4 14. Bd3 Nc5 15. f5 Nxd3+ 16. Qxd3 Qb4 17. Nd4 O-O 18. f6 g6 19. h4 h5 20. e6 Re8 21. Rde1 c5 22. exf7+ Kxf7 23. Rxe8 cxd4 24. Rhe1 Bf5 25. R1e7+ Kxf6 26. Qg3 Rxe8 27. Qe5# 1-0

[Event "Turkey Cup 2020"]
[Site "Antalya-Belek"]
[Date "2020.01.30"]
[Round "8.77"]
[White "Yavic, Adnan"]
[Black "Sarac, Mehmet Ali"]
[Result "0-1"]
[WhiteElo "1590"]
[BlackElo "1804"]
[Annotator "NA"]
[PlyCount "67"]
[EventDate "2020.01.26"]
[EventType "swiss"]
[EventCountry "TUR"]
[SourceTitle "playchess.com"]
[Source "ChessBase"]
[SourceQuality "1"]

1. e4 c6 2. Nf3 d5 3. exd5 cxd5 4. d4 Nc6 5. c3 Nf6 6. Bd3 Bg4 7. h3 Bh5 8. Nbd2 e6 9. Qc2 Bd6 10. a3 Rc8 11. g4 Bg6 12. Nf1 Ne4 13. Be3 f5 14. gxf5 exf5 15. Bxe4 dxe4 16. d5 exf3 17. Qa4 Qa5 18. Qb3 Ne5 19. Bd4 O-O 20. O-O-O Bf7 21. Ne3 f4 22. Bxe5 Bxe5 23. Ng4 Bxc3 24. Kb1 Bd2 25. Rhg1 Bg6+ 26. Ka1 Bc2 27. Qa2 Bxd1 28. d6+ Kh8 29. Qe6 Rc1+ 30. Ka2 Qf5 31. Qxf5 Rxf5 32. d7 Rd5 33. Ne5 Rxd7 34. Nxd7 0-1

[Event "Turkey Cup 2020"]
[Site "Antalya-Belek"]
[Date "2020.01.30"]
[Round "8.78"]
[White "Demirci, Fatih"]
[Black "Yildirim, Kemal"]
[Result "1-0"]
[WhiteElo "1749"]
[BlackElo "1695"]
[Annotator "NA"]
[PlyCount "114"]
[EventDate "2020.01.26"]
[EventType "swiss"]
[EventCountry "TUR"]
[SourceTitle "playchess.com"]
[Source "ChessBase"]
[SourceQuality "1"]

1. e4 e6 2. d4 d5 3. Nd2 dxe4 4. Nxe4 Nd7 5. Nf3 Ngf6 6. Nxf6+ Nxf6 7. Bd3 c5 8. dxc5 Bxc5 9. O-O O-O 10. Bg5 Be7 11. Qe2 Qc7 12. Rad1 Rd8 13. c3 Nd5 14. Qe4 g6 15. Qh4 f6 16. Bh6 Bd7 17. Rfe1 Rac8 18. Bc2 Bf8 19. Bb3 Bxh6 20. Qxh6 Qf4 21. Qxf4 Nxf4 22. g3 Nd5 23. Bxd5 exd5 24. Rxd5 Bc6 25. Rxd8+ Rxd8 26. Nd4 Kf7 27. f3 Bd5 28. a3 a6 29. Kf2 Rd6 30. Re2 Bc4 31. Rd2 Ke7 32. Ke1 Kd7 33. Nc2 a5 34. Rxd6+ Kxd6 35. b4 axb4 36. axb4 Be6 37. Kd2 g5 38. Ke3 Kd5 39. Kd2 Bf7 40. Ne3+ Ke5 41. Ng4+ Ke6 42. Kd3 h5 43. Nf2 Ke5 44. Ke3 Bd5 45. Nd3+ Kf5 46. Nb2 h4 47. c4 Bf7 48. Kd4 Ke6 49. Nd3 Kd6 50. Nc5 b6 51. Ne4+ Ke6 52. c5 bxc5+ 53. Kxc5 Be8 54. b5 Bxb5 55. Kxb5 Kf5 56. Kc5 g4 57. Nd6+ Kg5 1-0

[Event "Turkey Cup 2020"]
[Site "Antalya-Belek"]
[Date "2020.01.30"]
[Round "8.79"]
[White "Sat, Eray"]
[Black "Kervancioglu, Talu"]
[Result "1-0"]
[WhiteElo "1781"]
[BlackElo "1539"]
[Annotator "NA"]
[PlyCount "71"]
[EventDate "2020.01.26"]
[EventType "swiss"]
[EventCountry "TUR"]
[SourceTitle "playchess.com"]
[Source "ChessBase"]
[SourceQuality "1"]

1. e4 c5 2. Nf3 g6 3. d4 cxd4 4. Nxd4 Bg7 5. Nc3 Nc6 6. Be3 Nf6 7. Bc4 Qa5 8. O-O O-O 9. Bb3 d6 10. h3 Bd7 11. Re1 Rfe8 12. Nf3 Rac8 13. Qe2 a6 14. Ng5 Rf8 15. f4 h6 16. Nf3 b5 17. Nd5 Nxd5 18. exd5 Nd8 19. Nd4 Nb7 20. Rf1 Nc5 21. f5 g5 22. h4 gxh4 23. Qg4 Kh7 24. Qxh4 Nxb3 25. axb3 Qc7 26. Rf2 Qb7 27. Qe4 Bf6 28. b4 Rg8 29. Rf3 Bg5 30. f6+ Kh8 31. fxe7 Bxe7 32. Rxf7 Rxg2+ 33. Kxg2 Rg8+ 34. Kh1 Rg6 35. Qxg6 Qxd5+ 36. Nf3 1-0